[Event "DEM U10 2023"]
[Site "Willingen GER"]
[Date "2023.05.28"]
[Round "2"]
[White "Tarasenko, Nazar"]
[Black "Zargaran, Sepas"]
[Result "1/2-1/2"]
[Termination "normal"]
[Board "1"]
[WhiteElo "1970"]
[BlackElo "1540"]
[WhiteClock "00:58:52"]
[BlackClock "00:14:01"]
[PlyCount "88"]
[WhiteFideId "34161430"]
[BlackFideId "34625275"]
[EventCountry "GER"]
[EventRounds "11"]
[EventType "swiss"]
[EventDate "2023.05.27"]

1. d4 {[%clk 01:15:56]} {[%emt 00:00:03]} Nf6 {[%clk 01:15:49]} {[%emt
00:00:11]} 2. c4 {[%clk 01:16:09]} {[%emt 00:00:18]} g6 {[%clk 01:16:16]}
{[%emt 00:00:04]} 3. Nc3 {[%clk 01:16:34]} {[%emt 00:00:04]} Bg7 {[%clk
01:16:34]} {[%emt 00:00:12]} 4. e4 {[%clk 01:16:58]} {[%emt 00:00:06]} d6
{[%clk 01:17:01]} {[%emt 00:00:04]} 5. Be2 {[%clk 01:17:11]} {[%emt 00:00:16]}
O-O {[%clk 01:17:09]} {[%emt 00:00:21]} 6. Be3 {[%clk 01:17:37]} {[%emt
00:00:04]} c5 {[%clk 01:15:33]} {[%emt 00:02:07]} 7. d5 {[%clk 01:17:53]}
{[%emt 00:00:14]} e6 {[%clk 01:15:49]} {[%emt 00:00:14]} 8. h4 {[%clk
01:18:09]} {[%emt 00:00:14]} exd5 {[%clk 01:15:33]} {[%emt 00:00:46]} 9. cxd5
{[%clk 01:17:31]} {[%emt 00:01:08]} h5 {[%clk 01:12:54]} {[%emt 00:03:09]} 10.
e5 {[%clk 01:16:07]} {[%emt 00:01:54]} Ng4 {[%clk 01:11:10]} {[%emt 00:02:13]}
11. Bg5 {[%clk 01:15:42]} {[%emt 00:00:55]} f6 {[%clk 01:10:14]} {[%emt
00:01:26]} 12. exf6 {[%clk 01:15:31]} {[%emt 00:00:41]} Bxf6 {[%clk 01:09:15]}
{[%emt 00:01:29]} 13. Nf3 {[%clk 01:14:06]} {[%emt 00:01:55]} Bxg5 {[%clk
01:05:20]} {[%emt 00:04:26]} 14. hxg5 {[%clk 01:14:29]} {[%emt 00:00:07]} Nd7
{[%clk 01:04:46]} {[%emt 00:01:03]} 15. Ne4 {[%clk 01:14:08]} {[%emt 00:00:51]}
Qe7 {[%clk 01:01:15]} {[%emt 00:04:01]} 16. Qc2 {[%clk 01:13:30]} {[%emt
00:01:09]} Nde5 {[%clk 00:57:24]} {[%emt 00:04:22]} 17. Nf6+ {[%clk 01:12:46]}
{[%emt 00:01:13]} Kg7 {[%clk 00:56:33]} {[%emt 00:01:21]} 18. Nxe5 {[%emt
00:04:24]} Qxe5 {[%clk 00:54:11]} {[%emt 00:00:06]} 19. Nxg4 {[%clk 01:08:07]}
{[%emt 00:04:01]} Bxg4 {[%clk 00:53:47]} {[%emt 00:00:52]} 20. Qc3 {[%clk
01:08:13]} {[%emt 00:00:27]} Rae8 {[%clk 00:52:04]} {[%emt 00:02:08]} 21. f3
{[%clk 01:08:23]} {[%emt 00:00:24]} Bf5 {[%clk 00:52:02]} {[%emt 00:00:31]} 22.
Rd1 {[%clk 01:07:22]} {[%emt 00:01:31]} Qxc3+ {[%clk 00:52:13]} {[%emt
00:00:20]} 23. bxc3 {[%clk 01:07:43]} {[%emt 00:00:09]} Re3 {[%clk 00:52:15]}
{[%emt 00:00:28]} 24. Kd2 {[%clk 01:07:29]} {[%emt 00:00:44]} Rfe8 {[%clk
00:51:53]} {[%emt 00:00:47]} 25. Rhe1 {[%clk 01:07:47]} {[%emt 00:00:17]} a6
{[%clk 00:49:10]} {[%emt 00:03:13]} 26. a4 {[%clk 01:07:54]} {[%emt 00:00:22]}
Bd7 {[%clk 00:43:21]} {[%emt 00:06:16]} 27. Rb1 {[%clk 01:07:59]} {[%emt
00:00:29]} b5 {[%clk 00:43:02]} {[%emt 00:00:49]} 28. axb5 {[%clk 01:07:06]}
{[%emt 00:01:22]} axb5 {[%clk 00:39:56]} {[%emt 00:03:36]} 29. Ra1 {[%clk
01:07:22]} {[%emt 00:00:14]} R8e7 {[%clk 00:37:05]} {[%emt 00:03:18]} 30. Ra6
{[%clk 01:06:56]} {[%emt 00:01:00]} b4 {[%clk 00:34:56]} {[%emt 00:02:39]} 31.
cxb4 {[%clk 01:05:23]} {[%emt 00:02:03]} Rxe2+ {[%clk 00:34:25]} {[%emt
00:01:01]} 32. Rxe2 {[%clk 01:05:07]} {[%emt 00:00:45]} Rxe2+ {[%clk 00:34:21]}
{[%emt 00:00:35]} 33. Kd1 {[%clk 01:05:18]} {[%emt 00:00:19]} Rxg2 {[%clk
00:32:04]} {[%emt 00:02:46]} 34. Ra7 {[%clk 01:05:28]} {[%emt 00:00:21]} Rxg5
{[%clk 00:31:46]} {[%emt 00:00:47]} 35. Rxd7+ {[%clk 01:05:51]} {[%emt
00:00:08]} Kf8 {[%clk 00:31:16]} {[%emt 00:00:59]} 36. Rxd6 {[%clk 01:03:21]}
{[%emt 00:03:01]} cxb4 {[%clk 00:31:23]} {[%emt 00:00:23]} 37. Ke2 {[%clk
01:03:42]} {[%emt 00:00:09]} h4 {[%clk 00:27:14]} {[%emt 00:04:39]} 38. f4
{[%clk 01:03:02]} {[%emt 00:01:10]} Rg2+ {[%clk 00:24:35]} {[%emt 00:03:08]}
39. Kf3 {[%clk 01:02:27]} {[%emt 00:01:06]} Rg3+ {[%clk 00:23:45]} {[%emt
00:01:20]} 40. Kf2 {[%clk 01:02:21]} {[%emt 00:00:35]} Ke7 {[%clk 00:16:26]}
{[%emt 00:07:49]} 41. Re6+ {[%clk 00:58:31]} {[%emt 00:04:21]} Kd7 {[%clk
00:16:05]} {[%emt 00:00:51]} 42. Rb6 {[%clk 00:58:32]} {[%emt 00:00:28]} Kc7
{[%clk 00:16:08]} {[%emt 00:00:28]} 43. Rc6+ {[%clk 00:58:51]} {[%emt
00:00:12]} Kb7 {[%clk 00:16:15]} {[%emt 00:00:22]} 44. Rc4 {[%clk 00:58:52]}
{[%emt 00:00:29]} b3 {[%clk 00:14:01]} {[%emt 00:02:43]} 1/2-1/2

[Event "DEM U10 2023"]
[Site "Willingen GER"]
[Date "2023.05.28"]
[Round "2"]
[White "Pflugbeil, Julian"]
[Black "Sheng, Ming"]
[Result "0-1"]
[Termination "normal"]
[Board "2"]
[WhiteElo "1242"]
[BlackElo "1675"]
[WhiteClock "00:41:24"]
[BlackClock "00:51:35"]
[PlyCount "64"]
[WhiteFideId "34608850"]
[BlackFideId "34605258"]
[EventCountry "GER"]
[EventRounds "11"]
[EventType "swiss"]
[EventDate "2023.05.27"]

1. e4 {[%clk 01:15:58]} {[%emt 00:00:02]} c6 {[%clk 01:15:53]} {[%emt
00:00:07]} 2. d4 {[%clk 01:16:24]} {[%emt 00:00:04]} d5 {[%clk 01:16:19]}
{[%emt 00:00:04]} 3. exd5 {[%clk 01:16:50]} {[%emt 00:00:04]} cxd5 {[%clk
01:16:44]} {[%emt 00:00:06]} 4. Nf3 {[%clk 01:17:15]} {[%emt 00:00:04]} Bg4
{[%clk 01:17:09]} {[%emt 00:00:05]} 5. h3 {[%clk 01:17:23]} {[%emt 00:00:22]}
Bh5 {[%clk 01:17:32]} {[%emt 00:00:06]} 6. c4 {[%clk 01:16:51]} {[%emt
00:01:03]} Nf6 {[%clk 01:15:02]} {[%emt 00:02:55]} 7. Be3 {[%clk 01:15:35]}
{[%emt 00:01:51]} Nc6 {[%clk 01:14:52]} {[%emt 00:00:41]} 8. Nc3 {[%clk
01:14:56]} {[%emt 00:01:09]} e6 {[%clk 01:14:54]} {[%emt 00:00:26]} 9. cxd5
{[%clk 01:14:51]} {[%emt 00:00:36]} Nxd5 {[%clk 01:14:48]} {[%emt 00:00:35]}
10. Bb5 {[%clk 01:13:29]} {[%emt 00:01:51]} Rc8 {[%clk 01:12:23]} {[%emt
00:02:58]} 11. Rc1 {[%clk 01:11:46]} {[%emt 00:02:12]} Nxc3 {[%clk 01:11:38]}
{[%emt 00:01:14]} 12. bxc3 {[%clk 01:10:04]} {[%emt 00:02:11]} a6 {[%clk
01:11:37]} {[%emt 00:00:33]} 13. Ba4 {[%clk 01:08:46]} {[%emt 00:01:43]} b5
{[%clk 01:10:52]} {[%emt 00:01:20]} 14. Bb3 {[%clk 01:08:08]} {[%emt 00:01:08]}
Be7 {[%clk 01:10:53]} {[%emt 00:00:29]} 15. Bc2 {[%clk 01:05:29]} {[%emt
00:03:09]} Bg6 {[%clk 01:08:14]} {[%emt 00:03:08]} 16. O-O {[%clk 01:00:53]}
{[%emt 00:05:07]} O-O {[%clk 01:07:55]} {[%emt 00:00:49]} 17. Qd2 {[%clk
01:00:18]} {[%emt 00:01:01]} Na5 {[%clk 01:07:04]} {[%emt 00:01:25]} 18. Ne5
{[%clk 00:59:18]} {[%emt 00:01:30]} Bxc2 {[%clk 01:06:50]} {[%emt 00:00:43]}
19. Rxc2 {[%clk 00:57:37]} {[%emt 00:02:11]} Nc4 {[%clk 01:07:12]} {[%emt
00:00:08]} 20. Nxc4 {[%clk 00:57:58]} {[%emt 00:00:10]} Rxc4 {[%clk 01:07:41]}
21. Rd1 {[%clk 00:57:54]} {[%emt 00:00:33]} Qd5 {[%clk 01:08:01]} {[%emt
00:00:10]} 22. Qe2 {[%clk 00:54:50]} {[%emt 00:03:31]} Rfc8 {[%clk 01:08:08]}
{[%emt 00:00:27]} 23. Rd3 {[%clk 00:54:03]} {[%emt 00:01:11]} h6 {[%clk
01:04:45]} {[%emt 00:03:59]} 24. Qd2 {[%clk 00:52:32]} {[%emt 00:02:02]} b4
{[%clk 01:03:25]} {[%emt 00:01:50]} 25. Bxh6 {[%clk 00:49:30]} {[%emt
00:03:31]} Rxc3 {[%clk 01:02:38]} {[%emt 00:01:17]} 26. Rg3 {[%clk 00:47:56]}
{[%emt 00:02:00]} Rxc2 {[%clk 00:56:55]} {[%emt 00:06:17]} 27. Qd3 {[%clk
00:43:48]} {[%emt 00:04:37]} Rc1+ {[%clk 00:56:37]} {[%emt 00:00:49]} 28. Kh2
{[%clk 00:43:36]} {[%emt 00:00:41]} Bd6 {[%clk 00:54:47]} {[%emt 00:02:21]} 29.
f4 {[%clk 00:43:55]} {[%emt 00:00:11]} Bxf4 {[%clk 00:51:25]} {[%emt 00:03:52]}
30. Bxf4 {[%clk 00:44:20]} {[%emt 00:00:05]} R8c3 {[%clk 00:51:24]} {[%emt
00:00:30]} 31. Qxa6 {[%clk 00:40:57]} {[%emt 00:03:54]} Rxg3 {[%clk 00:51:35]}
{[%emt 00:00:18]} 32. Bxg3 {[%clk 00:41:24]} {[%emt 00:00:04]} Rc2 {[%emt
00:00:53]} 0-1

[Event "DEM U10 2023"]
[Site "Willingen GER"]
[Date "2023.05.28"]
[Round "2"]
[White "Steinbrenner, Peter"]
[Black "Naumann, Lennart"]
[Result "1-0"]
[Termination "normal"]
[Board "3"]
[WhiteElo "1601"]
[BlackElo "1537"]
[WhiteClock "00:28:09"]
[BlackClock "00:24:13"]
[PlyCount "57"]
[WhiteFideId "34645535"]
[BlackFideId "34644830"]
[EventCountry "GER"]
[EventRounds "11"]
[EventType "swiss"]
[EventDate "2023.05.27"]

1. d4 {[%clk 01:15:59]} {[%emt 00:00:01]} Nf6 {[%clk 01:15:45]} {[%emt
00:00:15]} 2. Nc3 {[%clk 01:16:23]} {[%emt 00:00:06]} d5 {[%clk 01:15:36]}
{[%emt 00:00:38]} 3. Bf4 {[%clk 01:16:46]} {[%emt 00:00:08]} Bf5 {[%clk
01:15:23]} {[%emt 00:00:43]} 4. e3 {[%clk 01:16:33]} {[%emt 00:00:44]} e6
{[%clk 01:15:41]} {[%emt 00:00:11]} 5. Nb5 {[%clk 01:15:21]} {[%emt 00:01:42]}
Bd6 {[%clk 01:15:07]} {[%emt 00:01:03]} 6. Nxd6+ {[%clk 01:15:16]} {[%emt
00:00:36]} cxd6 {[%clk 01:15:26]} {[%emt 00:00:11]} 7. Nf3 {[%clk 01:13:36]}
{[%emt 00:02:10]} Nc6 {[%clk 01:15:12]} {[%emt 00:00:44]} 8. c3 {[%clk
01:11:49]} {[%emt 00:02:17]} h6 {[%clk 01:11:55]} {[%emt 00:03:46]} 9. Bb5
{[%clk 01:10:23]} {[%emt 00:01:53]} O-O {[%clk 01:12:00]} {[%emt 00:00:28]} 10.
O-O {[%clk 01:10:11]} {[%emt 00:00:42]} Bg4 {[%clk 01:10:49]} {[%emt 00:01:41]}
11. Be2 {[%clk 01:06:59]} {[%emt 00:03:42]} Nh5 {[%clk 01:10:50]} {[%emt
00:00:29]} 12. Bg3 {[%clk 01:01:45]} {[%emt 00:05:44]} Nxg3 {[%clk 01:08:08]}
{[%emt 00:03:12]} 13. hxg3 {[%clk 01:01:51]} {[%emt 00:00:25]} e5 {[%clk
01:08:03]} {[%emt 00:00:36]} 14. dxe5 {[%clk 00:59:07]} {[%emt 00:03:14]} dxe5
{[%clk 01:05:07]} {[%emt 00:03:25]} 15. Re1 {[%clk 00:55:06]} {[%emt 00:04:31]}
Bf5 {[%clk 00:51:53]} {[%emt 00:13:44]} 16. Qb3 {[%clk 00:54:26]} {[%emt
00:01:03]} Na5 {[%clk 00:43:48]} {[%emt 00:08:42]} 17. Qd1 {[%clk 00:53:39]}
{[%emt 00:01:16]} Nc6 {[%clk 00:43:19]} {[%emt 00:00:59]} 18. Qd2 {[%clk
00:52:44]} {[%emt 00:01:23]} Qd6 {[%clk 00:36:16]} {[%emt 00:07:35]} 19. Bd1
{[%clk 00:37:24]} {[%emt 00:15:50]} Na5 {[%clk 00:36:01]} {[%emt 00:00:45]} 20.
b3 {[%clk 00:36:30]} {[%emt 00:01:24]} Rac8 {[%clk 00:33:57]} {[%emt 00:02:33]}
21. c4 {[%clk 00:34:46]} {[%emt 00:02:16]} Rc5 {[%clk 00:28:52]} {[%emt
00:05:34]} 22. b4 {[%clk 00:33:38]} {[%emt 00:01:39]} Rxc4 {[%clk 00:28:00]}
{[%emt 00:01:21]} 23. bxa5 {[%clk 00:34:01]} {[%emt 00:00:08]} Rfc8 {[%clk
00:27:41]} {[%emt 00:00:48]} 24. Bb3 {[%clk 00:34:00]} {[%emt 00:00:31]} Rc3
{[%clk 00:27:10]} {[%emt 00:01:01]} 25. Bxd5 {[%clk 00:33:01]} {[%emt
00:01:29]} Rd3 {[%clk 00:27:20]} {[%emt 00:00:20]} 26. Qe2 {[%clk 00:30:48]}
{[%emt 00:02:42]} e4 {[%clk 00:26:20]} {[%emt 00:01:31]} 27. Bxb7 {[%clk
00:27:57]} {[%emt 00:03:21]} Rb8 {[%clk 00:25:18]} {[%emt 00:01:32]} 28. Nd4
{[%clk 00:28:09]} {[%emt 00:00:19]} Bh7 {[%clk 00:24:13]} {[%emt 00:01:33]} 29.
a6 {[%emt 00:02:18]} 1-0

[Event "DEM U10 2023"]
[Site "Willingen GER"]
[Date "2023.05.28"]
[Round "2"]
[White "Fadeev, Justin Michael"]
[Black "Brückner, Julian"]
[Result "1-0"]
[Termination "normal"]
[Board "4"]
[WhiteElo "1470"]
[BlackElo "1681"]
[WhiteClock "00:20:00"]
[BlackClock "00:32:23"]
[PlyCount "67"]
[WhiteFideId "34602968"]
[BlackFideId "34630031"]
[EventCountry "GER"]
[EventRounds "11"]
[EventType "swiss"]
[EventDate "2023.05.27"]

1. e4 {[%clk 01:15:59]} e5 {[%clk 01:15:52]} {[%emt 00:00:09]} 2. Nf3 {[%clk
01:16:25]} {[%emt 00:00:03]} Nc6 {[%clk 01:16:05]} {[%emt 00:00:18]} 3. d4
{[%clk 01:16:48]} {[%emt 00:00:06]} exd4 {[%clk 01:16:21]} {[%emt 00:00:14]} 4.
Bc4 {[%clk 01:17:09]} {[%emt 00:00:10]} Nf6 {[%clk 01:16:44]} {[%emt 00:00:07]}
5. e5 {[%clk 01:17:33]} {[%emt 00:00:06]} d5 {[%clk 01:17:01]} {[%emt
00:00:12]} 6. Bb5 {[%emt 00:00:06]} Ne4 {[%clk 01:17:14]} {[%emt 00:00:15]} 7.
Nxd4 {[%clk 01:18:20]} {[%emt 00:00:10]} Bc5 {[%clk 01:17:00]} {[%emt
00:00:44]} 8. Be3 {[%clk 01:18:26]} {[%emt 00:00:24]} Bd7 {[%clk 01:16:50]}
{[%emt 00:00:39]} 9. Bxc6 {[%clk 01:17:54]} {[%emt 00:01:03]} bxc6 {[%clk
01:16:50]} {[%emt 00:00:30]} 10. O-O {[%clk 01:17:28]} {[%emt 00:00:56]} O-O
{[%clk 01:16:37]} {[%emt 00:00:43]} 11. f3 {[%clk 01:17:40]} {[%emt 00:00:18]}
Ng5 {[%clk 01:16:54]} {[%emt 00:00:13]} 12. f4 {[%clk 01:18:00]} {[%emt
00:00:10]} Ne4 {[%clk 01:17:14]} {[%emt 00:00:10]} 13. Nd2 {[%clk 01:17:21]}
{[%emt 00:01:09]} Nxd2 {[%clk 01:16:50]} {[%emt 00:00:54]} 14. Qxd2 {[%clk
01:17:45]} {[%emt 00:00:06]} f6 {[%clk 01:16:56]} {[%emt 00:00:24]} 15. Nb3
{[%clk 01:16:48]} {[%emt 00:01:28]} Bb6 {[%clk 01:10:42]} {[%emt 00:06:43]} 16.
Nc5 {[%clk 01:11:55]} {[%emt 00:05:22]} Qe7 {[%clk 01:08:21]} {[%emt 00:02:51]}
17. Qc3 {[%clk 01:09:24]} {[%emt 00:03:01]} fxe5 {[%clk 01:07:33]} {[%emt
00:01:18]} 18. fxe5 {[%clk 01:09:46]} {[%emt 00:00:08]} Rae8 {[%clk 01:06:05]}
{[%emt 00:01:58]} 19. b4 {[%clk 00:51:59]} {[%emt 00:18:18]} Bf5 {[%clk
00:54:49]} {[%emt 00:11:46]} 20. Bd4 {[%clk 00:46:41]} {[%emt 00:05:47]} Qh4
{[%clk 00:51:49]} {[%emt 00:03:30]} 21. Rad1 {[%clk 00:41:08]} {[%emt
00:06:03]} Bg4 {[%clk 00:49:18]} {[%emt 00:03:01]} 22. Rde1 {[%clk 00:39:48]}
{[%emt 00:01:49]} Rxf1+ {[%clk 00:48:33]} {[%emt 00:01:17]} 23. Rxf1 {[%clk
00:40:11]} {[%emt 00:00:07]} Be2 {[%clk 00:48:40]} {[%emt 00:00:22]} 24. Rf2
{[%clk 00:37:56]} {[%emt 00:02:42]} Qg4 {[%clk 00:42:42]} {[%emt 00:06:31]} 25.
h3 {[%clk 00:34:52]} {[%emt 00:03:34]} Qh5 {[%clk 00:39:23]} {[%emt 00:03:49]}
26. Qe3 {[%clk 00:25:19]} {[%emt 00:10:04]} Bc4 {[%clk 00:38:33]} {[%emt
00:01:15]} 27. Qf4 {[%clk 00:23:12]} {[%emt 00:02:40]} Qg6 {[%clk 00:34:46]}
{[%emt 00:04:18]} 28. e6 {[%clk 00:21:34]} {[%emt 00:02:08]} h6 {[%clk
00:31:37]} {[%emt 00:03:40]} 29. Qf7+ {[%clk 00:21:17]} {[%emt 00:00:47]} Qxf7
{[%clk 00:31:53]} {[%emt 00:00:13]} 30. exf7+ {[%clk 00:21:41]} {[%emt
00:00:06]} Kf8 {[%clk 00:32:04]} {[%emt 00:00:19]} 31. Bxg7+ {[%clk 00:21:14]}
{[%emt 00:00:56]} Ke7 {[%clk 00:32:04]} {[%emt 00:00:31]} 32. fxe8=Q+ {[%emt
00:00:49]} Kxe8 {[%clk 00:32:13]} {[%emt 00:00:18]} 33. Bxh6 {[%clk 00:20:57]}
{[%emt 00:00:31]} Bxa2 {[%clk 00:32:23]} {[%emt 00:00:21]} 34. Be3 {[%clk
00:20:00]} {[%emt 00:01:26]} 1-0

[Event "DEM U10 2023"]
[Site "Willingen GER"]
[Date "2023.05.28"]
[Round "2"]
[White "Retzlaff, Nick"]
[Black "Peglau, Paul David"]
[Result "0-1"]
[Termination "normal"]
[Board "5"]
[WhiteElo "1523"]
[BlackElo "1745"]
[WhiteClock "00:36:49"]
[BlackClock "00:11:54"]
[PlyCount "80"]
[WhiteFideId "34610367"]
[BlackFideId "16290550"]
[EventCountry "GER"]
[EventRounds "11"]
[EventType "swiss"]
[EventDate "2023.05.27"]

1. e4 {[%clk 01:15:56]} {[%emt 00:00:03]} c5 {[%clk 01:15:53]} {[%emt
00:00:09]} 2. Nf3 {[%clk 01:16:15]} {[%emt 00:00:11]} e6 {[%clk 01:15:49]}
{[%emt 00:00:34]} 3. d4 {[%clk 01:16:27]} {[%emt 00:00:17]} cxd4 {[%clk
01:16:15]} {[%emt 00:00:06]} 4. Nxd4 {[%clk 01:16:51]} {[%emt 00:00:05]} Nc6
{[%clk 01:16:40]} {[%emt 00:00:05]} 5. Nc3 {[%clk 01:16:44]} {[%emt 00:00:37]}
a6 {[%clk 01:17:01]} {[%emt 00:00:09]} 6. Be3 {[%clk 01:15:17]} {[%emt
00:01:57]} Nf6 {[%clk 01:16:43]} {[%emt 00:00:48]} 7. f3 {[%clk 01:14:53]}
{[%emt 00:00:53]} Bb4 {[%clk 01:14:10]} {[%emt 00:03:04]} 8. Nxc6 {[%clk
01:13:24]} {[%emt 00:01:59]} bxc6 {[%clk 01:14:25]} {[%emt 00:00:15]} 9. Bd2
{[%clk 01:11:08]} {[%emt 00:02:46]} d5 {[%clk 01:12:15]} {[%emt 00:02:41]} 10.
a3 {[%clk 01:10:10]} {[%emt 00:01:26]} Be7 {[%clk 01:09:55]} {[%emt 00:02:50]}
11. Bg5 {[%clk 01:09:10]} {[%emt 00:01:30]} h6 {[%clk 01:07:48]} {[%emt
00:02:38]} 12. Bxf6 {[%clk 01:09:02]} {[%emt 00:00:38]} Bxf6 {[%clk 01:08:04]}
{[%emt 00:00:14]} 13. Qd2 {[%clk 01:08:23]} {[%emt 00:01:08]} O-O {[%clk
01:06:35]} {[%emt 00:02:00]} 14. Bd3 {[%clk 01:03:20]} {[%emt 00:05:32]} Qb6
{[%clk 01:04:10]} {[%emt 00:02:56]} 15. Rb1 {[%clk 01:02:24]} {[%emt 00:01:26]}
Bd7 {[%clk 00:59:34]} {[%emt 00:05:06]} 16. Na4 {[%clk 01:02:02]} {[%emt
00:00:52]} Qd4 {[%clk 00:57:54]} {[%emt 00:02:10]} 17. b3 {[%clk 01:01:18]}
{[%emt 00:01:13]} Rfb8 {[%clk 00:55:14]} {[%emt 00:03:11]} 18. c3 {[%clk
00:58:59]} {[%emt 00:02:48]} Qa7 {[%clk 00:53:41]} {[%emt 00:02:03]} 19. b4
{[%clk 00:57:40]} {[%emt 00:01:50]} Bh4+ {[%clk 00:47:58]} {[%emt 00:06:13]}
20. g3 {[%clk 00:56:47]} {[%emt 00:01:23]} Be7 {[%clk 00:48:03]} {[%emt
00:00:24]} 21. Qf2 {[%clk 00:56:49]} {[%emt 00:00:28]} c5 {[%emt 00:06:26]} 22.
Nb2 {[%clk 00:54:50]} {[%emt 00:00:33]} Bf6 {[%clk 00:40:53]} {[%emt 00:03:40]}
23. Nd1 {[%clk 00:52:20]} {[%emt 00:02:59]} Ba4 {[%clk 00:38:14]} {[%emt
00:03:10]} 24. Rc1 {[%clk 00:50:29]} {[%emt 00:02:21]} Bxd1 {[%clk 00:36:12]}
{[%emt 00:02:33]} 25. Kxd1 {[%clk 00:49:45]} {[%emt 00:01:13]} a5 {[%clk
00:35:21]} {[%emt 00:01:22]} 26. c4 {[%clk 00:47:59]} {[%emt 00:02:16]} dxc4
{[%clk 00:33:54]} {[%emt 00:01:58]} 27. Rxc4 {[%clk 00:47:32]} {[%emt
00:00:57]} axb4 {[%clk 00:32:38]} {[%emt 00:01:45]} 28. axb4 {[%clk 00:44:25]}
{[%emt 00:03:35]} Qa3 {[%clk 00:29:53]} {[%emt 00:03:16]} 29. Qc2 {[%clk
00:43:46]} {[%emt 00:01:09]} cxb4 {[%clk 00:27:26]} {[%emt 00:02:58]} 30. e5
{[%clk 00:42:16]} {[%emt 00:01:59]} Bxe5 {[%clk 00:22:33]} {[%emt 00:05:24]}
31. Ke2 {[%clk 00:41:14]} {[%emt 00:01:31]} b3 {[%clk 00:20:53]} {[%emt
00:02:11]} 32. Qc1 {[%clk 00:38:25]} {[%emt 00:03:19]} Qa2+ {[%clk 00:19:44]}
{[%emt 00:01:39]} 33. Ke3 {[%clk 00:38:01]} {[%emt 00:00:42]} Rd8 {[%clk
00:16:00]} {[%emt 00:04:26]} 34. Be4 {[%clk 00:37:36]} {[%emt 00:00:54]} Rab8
{[%clk 00:15:38]} {[%emt 00:00:52]} 35. Rd1 {[%clk 00:37:24]} {[%emt 00:00:41]}
Rxd1 {[%clk 00:15:13]} {[%emt 00:00:56]} 36. Qxd1 {[%clk 00:37:31]} {[%emt
00:00:24]} b2 {[%clk 00:14:36]} {[%emt 00:01:07]} 37. Qc2 {[%clk 00:37:17]}
{[%emt 00:00:44]} f5 {[%clk 00:12:45]} {[%emt 00:02:21]} 38. Bxf5 {[%clk
00:36:06]} {[%emt 00:01:14]} exf5 {[%clk 00:11:34]} {[%emt 00:02:08]} 39. Rc8+
{[%clk 00:36:27]} {[%emt 00:00:09]} Rxc8 {[%clk 00:11:54]} {[%emt 00:00:10]}
40. Qxc8+ {[%clk 00:36:49]} {[%emt 00:00:08]} Kh7 {[%emt 00:02:15]} 0-1